[Event "XXXII Festival A"]
[Site "Arco ITA"]
[Date "2010.10.21"]
[Round "6"]
[White "Grinza, Andrea"]
[Black "Nicolodi, Raoul"]
[Result "0-1"]
[WhiteElo "2239"]
[BlackElo "1939"]
[PlyCount "84"]
[EventDate "2010.10.16"]

1. d4 e6 2. c4 Nf6 3. Nc3 Bb4 4. Bg5 h6 5. Bxf6 Qxf6 6. Rc1 b6 7. f3 O-O 8. e4
d5 9. Nge2 dxe4 10. fxe4 Bb7 11. Qd3 Rd8 12. a3 Bc5 13. Rd1 Nc6 14. e5 Qh4+ 15.
g3 Qg4 16. h3 Nxe5 17. Qe3 Qg5 18. Qxg5 hxg5 19. Nd5 exd5 20. Bg2 Nxc4 21. Rc1
Bd6 22. Rxc4 dxc4 23. Bxb7 Rab8 24. Bc6 b5 25. Kf2 Rb6 26. d5 Bc5+ 27. Kf3 Rd6
28. Nc3 a6 29. Ne4 Rdxc6 30. dxc6 Rxc6 31. Nxg5 f6 32. Ne4 Bd4 33. Rh2 Re6 34.
Rd2 c5 35. g4 Re5 36. Rc2 Kf7 37. a4 Ke6 38. axb5 axb5 39. Kf4 Kd5 40. Re2 Bxb2
41. Nxf6+ gxf6 42. Rxb2 c3 0-1

[Event "XXXII Festival A"]
[Site "Arco ITA"]
[Date "2010.10.21"]
[Round "6"]
[White "Kaczur, Florian"]
[Black "Moncelli, Giorgio"]
[Result "1/2-1/2"]
[WhiteElo "2035"]
[BlackElo "2089"]
[PlyCount "73"]
[EventDate "2010.10.16"]

1. d4 Nf6 2. c4 e6 3. Nf3 c5 4. d5 exd5 5. cxd5 d6 6. Nc3 g6 7. g3 Bg7 8. Bg2
O-O 9. O-O Na6 10. Nd2 Rb8 11. a4 Nb4 12. Nc4 Ne8 13. Bf4 g5 14. Bd2 b6 15. Rc1
Ba6 16. Ne4 h6 17. Bxb4 cxb4 18. Qb3 f5 19. Ned2 Bxc4 20. Rxc4 a5 21. Qc2 Qf6
22. b3 Qe7 23. e3 Rf7 24. Bh3 Nc7 25. Bxf5 Nxd5 26. Rc8+ Rxc8 27. Qxc8+ Rf8 28.
Qe6+ Qf7 29. Nc4 Nc7 30. Qxd6 Qxf5 31. Qxc7 Qc2 32. Qxb6 Qxb3 33. Qb5 Qd3 34.
Nxa5 Qxb5 35. axb5 Rb8 36. Rb1 Rxb5 37. Nb3 1/2-1/2

[Event "XXXII Festival A"]
[Site "Arco ITA"]
[Date "2010.10.21"]
[Round "6"]
[White "Karl, Hans"]
[Black "Panarello, Giuseppe"]
[Result "1/2-1/2"]
[WhiteElo "2211"]
[BlackElo "1925"]
[PlyCount "121"]
[EventDate "2010.10.16"]

1. e4 c5 2. Nc3 d6 3. g3 Nc6 4. Bg2 g6 5. d3 Bg7 6. Be3 Nf6 7. h3 O-O 8. f4 Bd7
9. Nf3 b5 10. Ne2 Rb8 11. O-O Qc8 12. Kh2 b4 13. Qd2 a5 14. Bf2 Ne8 15. Rab1
Nc7 16. d4 cxd4 17. Nexd4 Nxd4 18. Bxd4 Bxd4 19. Nxd4 Nb5 20. Rbc1 Qc5 21. Rfd1
Nxd4 22. Qxd4 Qxd4 23. Rxd4 Be6 24. b3 Rfc8 25. c4 bxc3 26. Rd3 c2 27. Rd2 a4
28. Rdxc2 Rxc2 29. Rxc2 axb3 30. axb3 Rxb3 31. g4 Rb7 32. Rc3 Ra7 33. Kg3 f6
34. h4 h6 35. Re3 Ra5 36. Rc3 Rc5 37. Ra3 Rc7 38. Re3 Rb7 39. g5 Rb3 40. Rxb3
Bxb3 41. Kf2 hxg5 42. hxg5 fxg5 43. fxg5 Kf7 44. Ke3 e5 45. Bf3 Ke7 46. Bg2 Kd7
47. Bf1 Kc6 48. Bd3 Kc5 49. Bb1 Bf7 50. Bc2 Kb4 51. Bd1 d5 52. exd5 Bxd5 53.
Bc2 Kc5 54. Bxg6 Kd6 55. Bf5 Ke7 56. Bg6 Kf8 57. Be4 Be6 58. Bd3 Kg7 59. Ke4
Kg6 60. Kxe5+ Kxg5 61. Kxe6 1/2-1/2

[Event "XXXII Festival A"]
[Site "Arco ITA"]
[Date "2010.10.21"]
[Round "6"]
[White "Kierzek, Matthias"]
[Black "Fodor, Tamas jr"]
[Result "0-1"]
[WhiteElo "2145"]
[BlackElo "2451"]
[PlyCount "48"]
[EventDate "2010.10.16"]

1. d4 d5 2. c4 c6 3. Nf3 Nf6 4. Nc3 e6 5. Bg5 Nbd7 6. e3 Qa5 7. Nd2 dxc4 8.
Bxf6 Nxf6 9. Nxc4 Qc7 10. a3 Be7 11. Rc1 O-O 12. Be2 Rd8 13. O-O Bd7 14. b4 Be8
15. Qb3 Nd5 16. Ne4 b6 17. Ne5 Qb7 18. Ng3 a5 19. Nd3 Ra7 20. e4 Nf6 21. bxa5
Rxa5 22. Rb1 b5 23. Nc5 Bxc5 24. dxc5 Qa7 0-1

[Event "XXXII Festival A"]
[Site "Arco ITA"]
[Date "2010.10.21"]
[Round "6"]
[White "Kierzek, Mira"]
[Black "Astengo, Marcello"]
[Result "0-1"]
[WhiteElo "2053"]
[BlackElo "2064"]
[PlyCount "62"]
[EventDate "2010.10.16"]

1. d4 d5 2. Nf3 c5 3. e3 Nc6 4. Be2 Nf6 5. O-O e6 6. b3 Qb6 7. dxc5 Bxc5 8. Bb2
Be7 9. Nbd2 O-O 10. c4 Rd8 11. Qc1 Bd7 12. Bc3 a6 13. Qb2 Qa7 14. Rac1 b5 15.
cxb5 axb5 16. Bxb5 Ba3 17. Qa1 Bxc1 18. Rxc1 d4 19. exd4 Qxa2 20. Ba4 Qxa1 21.
Bxa1 Nb4 22. Bxd7 Rxd7 23. Ne5 Rda7 24. Bb2 Nfd5 25. g3 Ra2 26. Ndc4 f6 27. Nf3
Nd3 28. Rc2 Rb8 29. Rd2 Rxb3 30. Bc3 Nxc3 31. Rxd3 Ne2+ 0-1

[Event "XXXII Festival A"]
[Site "Arco ITA"]
[Date "2010.10.21"]
[Round "6"]
[White "Knors, Rudi"]
[Black "Nemeth, Gergely"]
[Result "1/2-1/2"]
[WhiteElo "2123"]
[BlackElo "1889"]
[PlyCount "62"]
[EventDate "2010.10.16"]

1. d4 e6 2. Nf3 f5 3. g3 Nf6 4. Bg2 c6 5. O-O d5 6. b3 Bd6 7. c4 Qe7 8. Bb2 O-O
9. Qc1 Ne4 10. Ne5 Nd7 11. f3 Ng5 12. Nxd7 Bxd7 13. Ba3 Nf7 14. e4 fxe4 15.
fxe4 dxe4 16. Bxe4 e5 17. d5 Bh3 18. Re1 Qf6 19. Qe3 Qe7 20. Qc1 Qf6 21. Qe3
Ng5 22. Bg2 Bxg2 23. Kxg2 Qf5 24. Bxd6 Qh3+ 25. Kh1 Rf1+ 26. Rxf1 Qxf1+ 27. Qg1
Qf3+ 28. Qg2 Qd1+ 29. Qg1 Qf3+ 30. Qg2 Qd1+ 31. Qg1 Qf3+ 1/2-1/2

[Event "XXXII Festival A"]
[Site "Arco ITA"]
[Date "2010.10.21"]
[Round "6"]
[White "La Manna, Andrea"]
[Black "Ciola, Alberto"]
[Result "1-0"]
[WhiteElo "2196"]
[BlackElo "1929"]
[PlyCount "45"]
[EventDate "2010.10.16"]

1. d4 Nf6 2. c4 g6 3. Nc3 Bg7 4. e4 d6 5. f3 O-O 6. Be3 Nbd7 7. Nge2 c5 8. d5
Nb6 9. Ng3 e5 10. Bd3 Kh8 11. Qd2 Ng8 12. O-O f5 13. f4 fxe4 14. Ncxe4 Bf5 15.
fxe5 Bxe4 16. Nxe4 Bxe5 17. Ng5 Qe7 18. Ne6 Qh4 19. g3 Rxf1+ 20. Rxf1 Bxg3 21.
Bf4 Bxf4 22. Rxf4 Qe7 23. Qc3+ 1-0

[Event "XXXII Festival A"]
[Site "Arco ITA"]
[Date "2010.10.21"]
[Round "6"]
[White "Ludwig, Timm"]
[Black "Sigmund, Ingenuin"]
[Result "0-1"]
[WhiteElo "1670"]
[BlackElo "1801"]
[PlyCount "94"]
[EventDate "2010.10.16"]

1. d4 Nf6 2. c4 e6 3. Nc3 Bb4 4. Qc2 b6 5. e4 Bb7 6. f3 c5 7. d5 d6 8. Bg5 h6
9. Bh4 g5 10. Bf2 Nbd7 11. dxe6 fxe6 12. O-O-O Bxc3 13. Qxc3 Qc7 14. Ne2 O-O-O
15. Bg3 e5 16. Bf2 Nh5 17. g4 Ng7 18. h4 Ne6 19. Bg2 Rdf8 20. Ng3 Nd4 21. Bxd4
cxd4 22. Qc2 Nc5 23. Nf5 Kb8 24. Kb1 Bc8 25. hxg5 hxg5 26. b3 Bd7 27. Qd2 Ne6
28. Rxh8 Rxh8 29. Rh1 Rxh1+ 30. Bxh1 Nf4 31. Bg2 Qc5 32. Bf1 a5 33. Kb2 Kc7 34.
Ne7 Be6 35. a3 Kd7 36. Nd5 Bxd5 37. cxd5 b5 38. Qxa5 d3 39. Qd2 Qd4+ 40. Ka2
Kc8 41. Kb1 Kb7 42. Ka2 Kb6 43. Kb1 Qg1 44. Qd1 Qe3 45. Kb2 Ne2 46. Qe1 Qd4+
47. Kb1 d2 0-1

[Event "XXXII Festival A"]
[Site "Arco ITA"]
[Date "2010.10.21"]
[Round "6"]
[White "Maddaloni, Giovanni"]
[Black "Giuriato, Sergio"]
[Result "0-1"]
[WhiteElo "1801"]
[BlackElo "1935"]
[PlyCount "86"]
[EventDate "2010.10.16"]

1. e4 Nc6 2. Nf3 e5 3. Bb5 a6 4. Ba4 Nf6 5. O-O Be7 6. Re1 b5 7. Bb3 O-O 8. a4
Bb7 9. d3 d6 10. Nbd2 Na5 11. Ba2 c5 12. Nf1 h6 13. Bd2 Nc6 14. a5 Re8 15. Ng3
Bf8 16. Nh4 d5 17. Nhf5 Nd4 18. exd5 Bxd5 19. Bxd5 Qxd5 20. h3 Rad8 21. Ne3 Qd7
22. b3 e4 23. Bc3 exd3 24. Qxd3 Qc6 25. Bxd4 Rxd4 26. Qf1 g6 27. c4 b4 28. Ne2
Rd3 29. Reb1 Ne4 30. Nf4 Rd2 31. Nfd5 Rxf2 32. Qd1 Bg7 33. Ng4 Rd2 34. Qf3 f5
35. Nge3 Rf2 36. Qd1 Bd4 37. Kh1 Qd6 38. Rc1 Qg3 39. Qe1 f4 40. Rc2 fxe3 41.
Rxf2 Nxf2+ 42. Kg1 Nxh3+ 43. Kh1 Nf2+ 0-1

[Event "XXXII Festival A"]
[Site "Arco ITA"]
[Date "2010.10.21"]
[Round "6"]
[White "Marini, Lucio"]
[Black "De Simone Sorrentino, Fabio"]
[Result "1/2-1/2"]
[WhiteElo "1883"]
[BlackElo "1711"]
[PlyCount "70"]
[EventDate "2010.10.16"]

1. d4 d5 2. c4 e6 3. Nc3 Nf6 4. Bg5 Be7 5. cxd5 exd5 6. e3 c6 7. Bd3 Ng4 8.
Bxe7 Qxe7 9. h3 Nf6 10. Qc2 O-O 11. Nge2 Nbd7 12. Ng3 Nb6 13. O-O Be6 14. Na4
Nxa4 15. Qxa4 Bd7 16. Qc2 Rae8 17. b4 Ne4 18. Bxe4 dxe4 19. Qc5 Qxc5 20. bxc5
f5 21. Ne2 Be6 22. Rfc1 g5 23. g3 Rf6 24. Kh2 Bf7 25. Rab1 Re7 26. Rc2 Bh5 27.
Ng1 f4 28. g4 Bg6 29. Kg2 h5 30. Rcb2 Rff7 31. a4 Kf8 32. a5 a6 33. Rd1 Rd7 34.
Rbd2 Rd5 35. Rb2 Rdd7 1/2-1/2

[Event "XXXII Festival A"]
[Site "Arco ITA"]
[Date "2010.10.21"]
[Round "6"]
[White "Marshall, Michael"]
[Black "Virzi, Ettore"]
[Result "1-0"]
[WhiteElo "1878"]
[BlackElo "2002"]
[PlyCount "103"]
[EventDate "2010.10.16"]

1. d4 Nf6 2. Nf3 g6 3. e3 Bg7 4. c4 d6 5. Be2 O-O 6. O-O Nbd7 7. Nc3 e5 8. Qc2
Re8 9. b3 c6 10. Bb2 Qe7 11. Rac1 Nf8 12. Ba3 exd4 13. Nxd4 Ne4 14. Nxe4 c5 15.
Nb5 Qxe4 16. Nc7 Qxc2 17. Rxc2 Bf5 18. Rd2 Bc3 19. Rdd1 Rac8 20. Nxe8 Rxe8 21.
Rxd6 b6 22. Rdd1 h5 23. h3 Kg7 24. Bd3 Bc8 25. Rb1 Rd8 26. Rfd1 Rxd3 27. Rxd3
Bf5 28. Rdd1 Bxb1 29. Rxb1 Kf6 30. Bb2 Bxb2 31. Rxb2 Ne6 32. Rd2 Ke7 33. Kf1
Nd8 34. Ke2 Nc6 35. g4 hxg4 36. hxg4 Ne5 37. f3 Nc6 38. g5 Nb4 39. f4 Nc6 40.
e4 Ke6 41. Ke3 Ke7 42. e5 Nd8 43. Ke4 Ne6 44. Rh2 a6 45. Rh8 b5 46. Ra8 bxc4
47. bxc4 Nc7 48. Ra7 Kd7 49. Rxc7+ Kxc7 50. Kd5 Kb6 51. Kd6 a5 52. a4 1-0

[Event "XXXII Festival A"]
[Site "Arco ITA"]
[Date "2010.10.21"]
[Round "6"]
[White "Martinez, Guido"]
[Black "Zangrando, Gianpietro"]
[Result "0-1"]
[WhiteElo "1915"]
[BlackElo "1822"]
[PlyCount "94"]
[EventDate "2010.10.16"]

1. e4 e6 2. d4 d5 3. Nd2 Bd7 4. c3 dxe4 5. Nxe4 Bc6 6. Ng3 Nf6 7. Nf3 Bd6 8.
Bd3 Nbd7 9. O-O Qe7 10. Re1 h5 11. Ng5 O-O-O 12. Nf5 Qf8 13. Nxd6+ cxd6 14. b4
Nb6 15. a4 Bd5 16. Qe2 Kb8 17. a5 Nc8 18. b5 e5 19. c4 e4 20. Bc2 Be6 21. d5
Bg4 22. Qe3 Nd7 23. Qf4 f6 24. Ne6 Bxe6 25. dxe6 Nc5 26. Ba3 g5 27. Qe3 f5 28.
Bxc5 dxc5 29. Rad1 Rxd1 30. Rxd1 Qe7 31. Rd5 Qxe6 32. Qxc5 Qf6 33. Qd4 Qxd4 34.
Rxd4 Kc7 35. Kf1 Rd8 36. Rxd8 Kxd8 37. Ke2 Nd6 38. Bb3 b6 39. a6 Ke7 40. Ke3
Nc8 41. h3 Kd6 42. Kd4 h4 43. g4 fxg4 44. Kxe4 gxh3 45. Bd1 Ne7 46. Kf3 Ng6 47.
Kg4 h2 0-1

[Event "XXXII Festival A"]
[Site "Arco ITA"]
[Date "2010.10.21"]
[Round "6"]
[White "Molina, Fabrizio"]
[Black "Szabo, Bence"]
[Result "1-0"]
[WhiteElo "2222"]
[BlackElo "2375"]
[PlyCount "59"]
[EventDate "2010.10.16"]

1. Nf3 Nf6 2. c4 c5 3. g3 Nc6 4. Bg2 d5 5. cxd5 Nxd5 6. d4 e6 7. O-O Be7 8.
dxc5 Bxc5 9. Qc2 Qe7 10. a3 a5 11. e4 Nc7 12. e5 Nd5 13. Nbd2 Bb6 14. Ne4 Bc7
15. Bg5 Qf8 16. Nc3 h6 17. Nxd5 exd5 18. Be3 Be6 19. Bc5 Qg8 20. Qb3 Rb8 21.
Rfe1 Qh7 22. Rad1 Qg6 23. Qb5 Qg4 24. b3 a4 25. h3 Qh5 26. Nd4 Bd7 27. e6 fxe6
28. Nxe6 Bxe6 29. Rxe6+ Kf7 30. Rxd5 1-0

[Event "XXXII Festival A"]
[Site "Arco ITA"]
[Date "2010.10.21"]
[Round "6"]
[White "Moratto, Davide"]
[Black "Blasco, Domenico"]
[Result "0-1"]
[WhiteElo "1854"]
[BlackElo "1961"]
[PlyCount "28"]
[EventDate "2010.10.16"]

1. e4 g6 2. d4 Bg7 3. c3 d6 4. Bd3 Nf6 5. h3 O-O 6. Be3 Nc6 7. Qd2 e5 8. d5 Ne7
9. Bh6 Nh5 10. g4 Bxh6 11. Qxh6 Nf4 12. Bc2 Kh8 13. Nf3 Ng8 14. Qh4 Ng2+ 0-1

[Event "XXXII Festival A"]
[Site "Arco ITA"]
[Date "2010.10.21"]
[Round "6"]
[White "Mumelter, Igor"]
[Black "Roversi, Stefano"]
[Result "1-0"]
[WhiteElo "1839"]
[BlackElo "1859"]
[PlyCount "81"]
[EventDate "2010.10.16"]

1. e4 c5 2. Nf3 Nc6 3. Bb5 Qc7 4. Nc3 e6 5. O-O Nge7 6. Re1 a6 7. Bxc6 Nxc6 8.
d4 cxd4 9. Nxd4 Nxd4 10. Qxd4 Qc5 11. Be3 Qxd4 12. Bxd4 b5 13. e5 Bb7 14. Ne4
Rc8 15. c3 Be7 16. b4 Rc4 17. Nd2 Rc7 18. a4 Bc6 19. axb5 Bxb5 20. Ne4 Rc4 21.
Nd2 Rc6 22. Rec1 Bd3 23. Nb3 O-O 24. Bc5 Bg5 25. Bxf8 Kxf8 26. Nc5 Bxc1 27.
Rxc1 Bb5 28. c4 Bxc4 29. Rxc4 Ke7 30. Rd4 a5 31. Rxd7+ Ke8 32. Rd6 Rc8 33. f4
axb4 34. Ne4 Rc4 35. Nd2 Rc1+ 36. Kf2 Rc2 37. Ke2 f6 38. exf6 gxf6 39. Rxe6+
Kd7 40. Rb6 Rb2 41. Rxf6 1-0

[Event "XXXII Festival A"]
[Site "Arco ITA"]
[Date "2010.10.21"]
[Round "6"]
[White "Naegele, Raimund"]
[Black "Joerges, Frank"]
[Result "1/2-1/2"]
[WhiteElo "1817"]
[BlackElo "1955"]
[PlyCount "55"]
[EventDate "2010.10.16"]

1. d4 d5 2. Nf3 Nf6 3. e3 e6 4. Bd3 Nc6 5. c3 Bd6 6. Nbd2 e5 7. e4 exd4 8. cxd4
dxe4 9. Nxe4 Nxe4 10. Bxe4 Bb4+ 11. Bd2 Bxd2+ 12. Qxd2 Qd6 13. O-O O-O 14. Rac1
Ne7 15. Qc2 f5 16. Bd3 Nd5 17. Bc4 Be6 18. Ng5 c6 19. Rfe1 Rae8 20. Re5 g6 21.
Rce1 Bf7 22. Nxf7 Kxf7 23. Qb3 b5 24. Bxd5+ Qxd5 25. Qxd5+ cxd5 26. Kf1 Rxe5
27. Rxe5 Rc8 28. Re2 1/2-1/2

[Event "XXXII Festival A"]
[Site "Arco ITA"]
[Date "2010.10.21"]
[Round "6"]
[White "Nanni, Sergio"]
[Black "Sigillo, Carmelo"]
[Result "1-0"]
[WhiteElo "1698"]
[BlackElo "1807"]
[PlyCount "49"]
[EventDate "2010.10.16"]

1. e4 c5 2. d4 cxd4 3. c3 d5 4. exd5 Qxd5 5. Nf3 Qe4+ 6. Be2 d3 7. Qxd3 Qxd3 8.
Bxd3 Nc6 9. O-O e5 10. Nxe5 Nxe5 11. Re1 Bd6 12. f4 f6 13. fxe5 fxe5 14. Bf4
Bc5+ 15. Kh1 Ne7 16. Bxe5 O-O 17. b4 Bf2 18. Bc4+ Kh8 19. Bxg7+ Kxg7 20. Rxe7+
Kh6 21. Nd2 Bh4 22. Re4 Bf6 23. Rf4 Bd7 24. Raf1 Kg7 25. Ne4 1-0

[Event "XXXII Festival A"]
[Site "Arco ITA"]
[Date "2010.10.21"]
[Round "6"]
[White "Pajcin, Jovan"]
[Black "Pretto, Aldo"]
[Result "0-1"]
[WhiteElo "1869"]
[BlackElo "1741"]
[PlyCount "84"]
[EventDate "2010.10.16"]

1. e4 e5 2. Nf3 d6 3. h3 Nf6 4. Nc3 Be7 5. d4 exd4 6. Nd5 c5 7. Bc4 Nxe4 8. O-O
Nc6 9. Re1 Nf6 10. Nxe7 Nxe7 11. Qe2 h6 12. a4 d5 13. Ba2 Be6 14. c3 dxc3 15.
bxc3 O-O 16. g4 Ne4 17. Bb2 Ng6 18. Qe3 Re8 19. Rad1 Nf6 20. Qd2 Qc7 21. Bc1
Rad8 22. Nh2 Qa5 23. Qc2 c4 24. g5 hxg5 25. Bxg5 Bxh3 26. Bxf6 gxf6 27. Bb1
Rxe1+ 28. Rxe1 d4 29. Nf3 d3 30. Qd2 Qh5 31. Nh2 Qg5+ 32. Qxg5 fxg5 33. Ba2 Be6
34. Nf3 a6 35. Nd4 Bd5 36. Kf1 Nf4 37. Rb1 Rd7 38. Nf5 Ne2 39. Rb4 Nxc3 40.
Bxc4 Bxc4 41. Rxc4 d2 42. Ne3 Rd3 0-1

[Event "XXXII Festival A"]
[Site "Arco ITA"]
[Date "2010.10.21"]
[Round "6"]
[White "Pedrotti, Luciano"]
[Black "Ziltener, Werner"]
[Result "0-1"]
[WhiteElo "1833"]
[BlackElo "2116"]
[PlyCount "102"]
[EventDate "2010.10.16"]

1. e4 d6 2. d4 Nf6 3. Nc3 c6 4. Nf3 Bg4 5. Be2 Nbd7 6. O-O e6 7. b3 Be7 8. Qd3
O-O 9. Bg5 h6 10. Bh4 Nh5 11. Bxe7 Qxe7 12. Qe3 e5 13. h3 Bxf3 14. Bxf3 Nf4 15.
Ne2 Nxe2+ 16. Bxe2 Nf6 17. dxe5 Qxe5 18. Bd3 Rfe8 19. f4 Qc3 20. Qf3 Qd4+ 21.
Kh1 Nxe4 22. Rad1 d5 23. c4 Qb2 24. cxd5 cxd5 25. Bb1 Nf6 26. Rf2 Qa3 27. Rfd2
Qe7 28. Bd3 Qe3 29. Qf1 Qg3 30. Rf2 Re3 31. Be2 Ne4 32. Rf3 Rxf3 33. Qxf3 Qxf3
34. Bxf3 Nf2+ 35. Kg1 Nxd1 36. Bxd1 Rd8 37. Kf2 d4 38. Bf3 b6 39. Ke2 Kf8 40.
Kd3 Ke7 41. Be4 Ke6 42. g4 g5 43. Bf5+ Kd5 44. Be4+ Kc5 45. fxg5 hxg5 46. a3 a5
47. Kd2 Rh8 48. Bg2 Re8 49. Bf1 Re3 50. Bc4 f6 51. a4 Rxh3 0-1

[Event "XXXII Festival A"]
[Site "Arco ITA"]
[Date "2010.10.21"]
[Round "6"]
[White "Pegoraro, Nicola"]
[Black "Caldara, Sisto"]
[Result "1/2-1/2"]
[WhiteElo "1975"]
[BlackElo "1813"]
[PlyCount "102"]
[EventDate "2010.10.16"]

1. e4 d6 2. d4 Nf6 3. Nc3 c6 4. f3 Nbd7 5. Be3 e5 6. Bc4 Be7 7. Nge2 Qc7 8. a4
b6 9. O-O Bb7 10. Ng3 g6 11. f4 exd4 12. Bxd4 d5 13. exd5 cxd5 14. Bxd5 O-O 15.
Bxb7 Qxb7 16. Qf3 Qc8 17. Rad1 Bc5 18. Kh1 Bxd4 19. Rxd4 Nc5 20. f5 Qb7 21. Qf4
Kg7 22. Rd6 Qe7 23. Rfd1 Rae8 24. fxg6 fxg6 25. Qd2 Qe3 26. Qxe3 Rxe3 27. Nf1
Re5 28. Kg1 Nfe4 29. Nxe4 Nxe4 30. Rd7+ Kh6 31. Ne3 Nf6 32. R7d3 Rfe8 33. Nc4
Re2 34. R3d2 R2e6 35. h3 Nh5 36. Kh2 Nf4 37. Rf1 g5 38. Rff2 Kg6 39. Rd6 Kh5
40. Rxe6 Rxe6 41. Rd2 Re7 42. Nd6 Kg6 43. Nb5 h5 44. g3 Ne2 45. Nxa7 Nxg3 46.
Kxg3 Rxa7 47. Rd6+ Kf5 48. Rxb6 Rxa4 49. Rb5+ Kf6 50. b4 Ra3+ 51. Kg2 Rc3
1/2-1/2

[Event "XXXII Festival A"]
[Site "Arco ITA"]
[Date "2010.10.21"]
[Round "6"]
[White "Pistone, Salvatore"]
[Black "Mircoli, Filippo"]
[Result "1/2-1/2"]
[WhiteElo "1725"]
[BlackElo "1699"]
[PlyCount "110"]
[EventDate "2010.10.16"]

1. c4 e6 2. d4 Nf6 3. Nc3 Bb4 4. Nf3 d5 5. a3 Bxc3+ 6. bxc3 O-O 7. e3 c5 8.
cxd5 exd5 9. c4 Bg4 10. cxd5 Qxd5 11. Be2 Nc6 12. O-O Rad8 13. Bb2 cxd4 14.
Nxd4 Bxe2 15. Nxe2 Qa5 16. Nd4 Rfe8 17. Qb3 Ne5 18. Rac1 Ng6 19. Rc2 Rc8 20.
Rxc8 Rxc8 21. Qxb7 Qd8 22. Qxa7 Ne4 23. Qa4 Qg5 24. Nf3 Qg4 25. Qd4 Nf6 26.
Qxg4 Nxg4 27. h3 Nh6 28. Ne5 Ne7 29. Rd1 f6 30. Nd3 Nf7 31. Bd4 Nc6 32. Nb4
Nfe5 33. Nxc6 Rxc6 34. Bxe5 fxe5 35. a4 Kf7 36. Kf1 Ke6 37. Ke2 Rc2+ 38. Rd2
Rc1 39. Ra2 Kd6 40. a5 Rc7 41. a6 Ra7 42. Kd3 g6 43. Ra4 h6 44. Ke4 h5 45. f4
exf4 46. exf4 Ke6 47. g4 hxg4 48. hxg4 Kd6 49. Ra5 Ke6 50. f5+ gxf5+ 51. gxf5+
Kf6 52. Kd5 Kxf5 53. Kc6+ Ke6 54. Kb6 Ra8 55. Rc5 Kd6 1/2-1/2

[Event "XXXII Festival A"]
[Site "Arco ITA"]
[Date "2010.10.21"]
[Round "6"]
[White "Ricci, Alfredo"]
[Black "Luciani, Carlo"]
[Result "0-1"]
[WhiteElo "1969"]
[BlackElo "2230"]
[PlyCount "76"]
[EventDate "2010.10.16"]

1. d4 Nf6 2. Nf3 g6 3. b3 Bg7 4. Nbd2 c5 5. e3 O-O 6. Bb2 b6 7. c4 cxd4 8. exd4
d5 9. Be2 Bb7 10. O-O Nbd7 11. Re1 e6 12. Bf1 Rc8 13. g3 Re8 14. Rc1 Rc7 15.
Ne5 Nxe5 16. dxe5 Nd7 17. f4 Bf8 18. Bg2 Qa8 19. Qe2 Rec8 20. h4 b5 21. cxd5
Rc2 22. dxe6 fxe6 23. Rxc2 Rxc2 24. Bxb7 Qxb7 25. Bd4 Qd5 26. Qe3 Bb4 27. Re2
Bxd2 28. Rxd2 Rc1+ 29. Kf2 Qh1 30. Qe2 Rg1 31. Qg4 Qg2+ 32. Ke3 Re1+ 33. Kd3
Qe4+ 34. Kc3 Kf7 35. b4 Nb6 36. Rd1 Nd5+ 37. Kb3 Re2 38. Rc1 Qd3+ 0-1

[Event "XXXII Festival A"]
[Site "Arco ITA"]
[Date "2010.10.21"]
[Round "6"]
[White "Riepma, Henk"]
[Black "Wagner, Frank"]
[Result "1-0"]
[WhiteElo "2079"]
[BlackElo "1919"]
[PlyCount "111"]
[EventDate "2010.10.16"]

1. f4 Nf6 2. Nf3 g6 3. e3 Bg7 4. d4 O-O 5. Bd3 d6 6. O-O b6 7. Qe2 Bb7 8. Nbd2
Nbd7 9. f5 e5 10. fxe6 fxe6 11. e4 Nh5 12. g3 Qe7 13. Nb3 Rad8 14. Bg5 Bf6 15.
Be3 e5 16. d5 Bc8 17. Ba6 Nc5 18. Bxc8 Rxc8 19. Nxc5 bxc5 20. c3 Rb8 21. Rab1
Qd7 22. Nd2 Qh3 23. Qg2 Qd7 24. b3 Bg7 25. Rxf8+ Rxf8 26. Rf1 Nf6 27. Bg5 a5
28. Bxf6 Rxf6 29. Rxf6 Bxf6 30. Nc4 a4 31. Qc2 axb3 32. axb3 Qg4 33. Kg2 Bg5
34. Qd3 Qc8 35. Qe2 Kg7 36. h3 Qa6 37. Qb2 Be7 38. Qa3 Qc8 39. Qa7 Kf8 40. Na5
Ke8 41. Nc6 Kd7 42. b4 Bg5 43. Nb8+ Ke8 44. Na6 Bd8 45. bxc5 Qd7 46. cxd6 Qxd6
47. Nc5 g5 48. Ne6 Qd7 49. Qa8 Ke7 50. Kf3 h5 51. Qxd8+ Qxd8 52. Nxd8 Kxd8 53.
Ke3 Kd7 54. Kd3 Kd6 55. Kc4 c6 56. dxc6 1-0

[Event "XXXII Festival A"]
[Site "Arco ITA"]
[Date "2010.10.21"]
[Round "6"]
[White "Rizzo, Giuseppe"]
[Black "Morselli, Stefano"]
[Result "0-1"]
[WhiteElo "1659"]
[BlackElo "1924"]
[PlyCount "56"]
[EventDate "2010.10.16"]

1. d4 Nf6 2. Nf3 g6 3. Nc3 Bg7 4. Bf4 d6 5. Qd2 Bf5 6. O-O-O Nc6 7. Nh4 Qd7 8.
Nxf5 Qxf5 9. f3 e5 10. dxe5 dxe5 11. Bg3 Rd8 12. e4 Qe6 13. Bd3 O-O 14. Qe2 Nd4
15. Qf2 Qb6 16. Rhf1 Qa5 17. Kb1 Rd6 18. Qe1 Rfd8 19. Nd5 Qxe1 20. Nxf6+ Bxf6
21. Bxe1 c5 22. Bc3 b5 23. Bxd4 Rxd4 24. Be2 c4 25. b3 Rd2 26. Rxd2 Rxd2 27.
Re1 c3 28. g4 Bh4 0-1

[Event "XXXII Festival A"]
[Site "Arco ITA"]
[Date "2010.10.21"]
[Round "6"]
[White "Roessner, Uwe"]
[Black "Rampini, Carlo"]
[Result "0-1"]
[WhiteElo "1902"]
[BlackElo "1791"]
[PlyCount "63"]
[EventDate "2010.10.16"]

1. g3 e5 2. Bg2 Nc6 3. c4 f5 4. d3 Nf6 5. Bg5 Bb4+ 6. Nd2 O-O 7. Ngf3 Qe8 8.
Bxf6 Rxf6 9. O-O d6 10. a3 Ba5 11. b4 Bb6 12. Nb3 a6 13. Nfd2 Ba7 14. Nb1 f4
15. Nc3 fxg3 16. hxg3 Qh5 17. Nd2 Rh6 18. Nf3 Nd4 19. Nh4 Bg4 20. Re1 c6 21.
Ne4 g5 22. Nf3 Rf8 23. Nexg5 Rhf6 24. c5 Rxf3 25. exf3 Rxf3 26. Rxe5 dxe5 27.
Ne4 Rf8 28. Qd2 h6 29. f4 exf4 30. gxf4 Ne2+ 31. Kf1 Nxf4 32. Kg1 0-1

[Event "XXXII Festival A"]
[Site "Arco ITA"]
[Date "2010.10.21"]
[Round "6"]
[White "Rotoni, Matteo"]
[Black "Dieli, Riccardo"]
[Result "1-0"]
[WhiteElo "2132"]
[BlackElo "1906"]
[PlyCount "45"]
[EventDate "2010.10.16"]

1. e4 c5 2. c3 Nc6 3. d4 cxd4 4. cxd4 e6 5. Nf3 Bb4+ 6. Bd2 Bxd2+ 7. Qxd2 Nf6
8. Nc3 O-O 9. Bd3 b6 10. e5 Nd5 11. a3 Nxc3 12. bxc3 d6 13. Qf4 d5 14. Ng5 f5
15. exf6 Rxf6 16. Bxh7+ Kf8 17. Qg3 Ba6 18. Bc2 Ke7 19. Nh7 Kf7 20. Nxf6 gxf6
21. h4 Rc8 22. h5 Ke7 23. Bd3 1-0

[Event "XXXII Festival A"]
[Site "Arco ITA"]
[Date "2010.10.21"]
[Round "6"]
[White "Sautto, Alessandra"]
[Black "Klings, Peter"]
[Result "1-0"]
[WhiteElo "1955"]
[BlackElo "2185"]
[PlyCount "97"]
[EventDate "2010.10.16"]

1. d4 Nf6 2. Nf3 e6 3. e3 c5 4. Bd3 b6 5. O-O Bb7 6. Nbd2 Be7 7. b3 O-O 8. Bb2
d6 9. c4 Nbd7 10. Rc1 Qc7 11. Bb1 Rac8 12. Ng5 Qb8 13. f4 Qa8 14. Qe2 h6 15.
Nh3 Rfe8 16. g4 Ne4 17. Nf3 Bf8 18. g5 g6 19. gxh6 Bxh6 20. Nhg5 Ndf6 21. Nxe4
Nxe4 22. Nh4 Kh7 23. Rf3 Rg8 24. Rh3 g5 25. Ng2 g4 26. Rh5 f5 27. d5 Rcf8 28.
Bxe4 fxe4 29. dxe6 Qe8 30. Rh4 Qxe6 31. Rd1 Rg6 32. f5 Qxf5 33. Nf4 g3 34. Nxg6
Qxg6 35. Rf1 Rf3 36. Bc1 Qg5 37. Rh3 Qg4 38. Qg2 gxh2+ 39. Kxh2 Qf5 40. Rfxf3
exf3 41. e4 Qf6 42. Qxf3 Qxf3 43. Rxf3 Bxc1 44. Rf7+ Kg6 45. Rxb7 Kf6 46. Rxa7
Bd2 47. Kg2 Ke5 48. Kf3 Kd4 49. Rd7 1-0

[Event "XXXII Festival A"]
[Site "Arco ITA"]
[Date "2010.10.21"]
[Round "6"]
[White "Savarese, Vincenzo"]
[Black "Ferrari, Michele"]
[Result "1/2-1/2"]
[WhiteElo "1808"]
[BlackElo "1808"]
[PlyCount "105"]
[EventDate "2010.10.16"]

1. e4 c6 2. d4 d5 3. exd5 cxd5 4. c4 dxc4 5. Bxc4 e6 6. Nf3 Nf6 7. Nc3 Bb4 8.
O-O O-O 9. Bg5 Be7 10. Qe2 Nbd7 11. Rfe1 Nb6 12. Bb3 Nfd5 13. Bxe7 Nxe7 14.
Rad1 Ned5 15. Ne5 Nxc3 16. bxc3 Nd5 17. Qf3 Nf6 18. c4 Qc7 19. d5 exd5 20. cxd5
Qd6 21. Nc4 Qb4 22. Qd3 Bg4 23. f3 Bh5 24. d6 Rfe8 25. Rxe8+ Rxe8 26. Kf2 Bg6
27. Qd4 Nd7 28. Ne3 Qa3 29. Qc3 Qc5 30. Rc1 Rc8 31. Qxc5 Rxc5 32. Rxc5 Nxc5 33.
Bd5 Kf8 34. Nc4 f6 35. Ke3 Ke8 36. Kd4 b6 37. Bc6+ Kd8 38. Ne3 Ne6+ 39. Kc4 Bb1
40. a4 Ba2+ 41. Kc3 Nc5 42. Nf5 g6 43. Nd4 Bf7 44. Kb4 Be8 45. Bxe8 Kxe8 46. a5
Kd7 47. axb6 axb6 48. Nb5 Nb7 49. Nc3 Kxd6 50. Kb5 Nc5 51. Kxb6 Nd3 52. g3 h6
53. Kb5 1/2-1/2